000 01093nas a2200349 4500
001 BR0300671
003 BR-BrBNA
005 20231205103551.0
007 ta
008 230509b bl.|||p| |||| 00| 00por d
040 _aBR-BrBNA
_bpor
_cBiblioteca Nacional de Agricultura
041 _a(Pt)
072 _aF03; J11; Q02
100 1 _aBrackmann, A.
100 1 _aNeuwald, D.A.
100 1 _aRibeiro, N.D.
100 1 _aFreitas, S.T. de
245 1 _aConservação de três genótipos de feijão (Phaseolus vulgaris L.)do grupo Carioca em armazenamento refrigerado e em atmosfera controlada
650 _aFEIJÃO
650 _aGRÃO
650 _aTEOR DE UMIDADE
650 _aARMAZENAMENTO DE ALIMENTO
650 _aPRESERVAÇÃO DE ALIMENTO
650 _aPODER GERMINATIVO
650 _aPROPRIEDADE FÍSICO-QUÍMICA
650 _aREFRIGERAÇÃO
650 _aCOCÇÃO
650 _aQUALIDADE
773 0 _tCiência Rural (Brazil)
_xISSN 0103-8478
_g(Nov-Dec 2002), v. 32(6) p. 911-915
_wBR0300671
909 _a202311
_bLúcia
_c55
_dLúcia Elande
942 _2AGRIS
_n0
_cANA
999 _c173557
_d173557